Statistics for Sweden - Belgium UEFA Euro 2016

Click here to take the quiz!

General Stats

  • This quiz has been taken 46 times
  • The average score is 18 of 30

Answer Stats

Answer% Correct
Eden Hazard
95%
Romelu Lukaku
92%
Zlatan Ibrahimović
92%
Kevin De Bruyne
90%
Jan Vertonghen
85%
Thibaut Courtois
85%
Toby Alderweireld
79%
Axel Witsel
74%
Thomas Meunier
69%
Dries Mertens
67%
Marcus Berg
67%
Sebastian Larsson
67%
Emil Forsberg
64%
Thomas Vermaelen
62%
Andreas Isaksson
56%
Radja Nainggolan ¹
56%
Yannick Carrasco
56%
Andreas Granqvist
54%
Martin Olsson
54%
Divock Origi
46%
Kim Källström
46%
Victor Lindelöf
46%
Albin Ekdal
44%
Christian Benteke
38%
Marc Wilmots
38%
Erik Hamrén
36%
Jimmy Durmaz
36%
John Guidetti
36%
Erik Johansson
23%
Erkan Zengin
23%

Score Distribution

Percentile by Number Answered

Percent of People with Each Score

Your Score History

You have not taken this quiz